[Event "CHN-chB"]
[Site "Jiangmen"]
[Date "2018.07.20"]
[Round "6"]
[White "Lin, Yi1111"]
[Black "Han, Junyang"]
[Result "1-0"]
[WhiteElo "2371"]
[BlackElo "1909"]
[PlyCount "123"]
[EventDate "2018.07.18"]
[EventType "swiss"]
[EventRounds "11"]
[EventCountry "CHN"]
[SourceTitle "CBM 185 Extra"]
[Source "ChessBase"]
[SourceDate "2018.07.29"]
[SourceVersion "1"]
[SourceVersionDate "2018.07.29"]
[SourceQuality "1"]

1. d4 Nf6 2. c4 e6 3. g3 c5 4. d5 exd5 5. cxd5 d6 6. Nc3 g6 7. Nf3 Bg7 8. Bg2 0-0 9. 0-0 a6 10. a4 Nbd7 11. Bf4 Qe7 12. h3 Rb8 13. Qd3 Nh5 14. Bg5 f6 15. Bd2 f5 16. Rfe1 Ne5 17. Nxe5 Bxe5 18. e3 Bd7 19. Rab1 b5 20. axb5 Bxb5 21. Qc2 Rfe8 22. b4 Rec8 23. bxc5 Rxc5 24. Qb3 Rbc8 25. Nxb5 Rxb5 26. Qd3 Rcb8 27. Rxb5 Rxb5 28. Rb1 Qb7 29. Rxb5 Qxb5 30. Qxb5 axb5 31. Bf1 Nf6 32. Bxb5 Kf7 33. Bc4 Ne4 34. Bb4 Bc3 35. Bxc3 Nxc3 36. Kg2 Kf6 37. f4 Ne4 38. g4 h6 39. Bb5 Nc3 40. Bc6 Ne4 41. Bd7 Nc3 42. Be6 Ne4 43. Bc8 Nc3 44. Bb7 Ne4 45. Ba6 Nc3 46. Bc4 Ne4 47. Be2 Nc5 48. Bf3 Nd3 49. Kf1 g5 50. Ke2 Nc5 51. Kd2 Kg6 52. Kc3 Kf6 53. Kc4 gxf4 54. exf4 Kg6 55. Bd1 Ne4 56. Bc2 Nf2 57. Bxf5+ Kf6 58. Be6 Kg6 59. h4 Nh3 60. h5+ Kg7 61. Kb5 Nxf4 62. Kc6 1-0